000
00229 a2200097 4500
001
6024
100
_a
Stigant, S A
245
_a
Applied tensor analysis for electrical students.
260
_a
_b
Macdonald
_c
090
_c
4927
_d
4927
942
_a
NUST-CAE
_c
M
_c
31297
999
_c
241097
_d
241097